| 000 | 00470nam a22001337a 4500 | ||
|---|---|---|---|
| 082 | _aMSEE-4 MAS | ||
| 100 |
_aMunawar Masood Khan _998889 |
||
| 245 | _aLow-Cost inkjet-printed chipless RFID Tags | ||
| 260 |
_aIslamabad _bNUST-SEECS _c2015 |
||
| 300 |
_a52p. _bill.; _eCD ROM |
||
| 500 | _aSupervisors: Dr. Hammad M. Cheema, Dr. Farooq Ahmad Tahir, Dr. Munir Ahmad Tarar, Mr. Ahsan Azhar | ||
| 856 | _uhttp://10.250.8.41:8080/xmlui/handle/123456789/8903 | ||
| 942 |
_cPR _2ddc |
||
| 999 |
_c13458 _d13458 |
||